| 000 | 00671nam a22002057a 4500 | ||
|---|---|---|---|
| 999 |
_c784 _d784 |
||
| 003 | AR-CdUCM | ||
| 008 | 190225b ||||| |||| 00| 0 spa d | ||
| 040 |
_aMUNICIPALIDAD PROVINCIAL DEL CUSCO _cBIBLIOTECA MUNICIPAL DEL CUSCO |
||
| 082 |
_a869.56 / _bM64 |
||
| 100 |
_aMiró Quesada, Aurelio _92994 |
||
| 245 | _aNuevos temas peruanos / | ||
| 260 |
_aLima : _bVillanueva S.A, _c1982. |
||
| 300 |
_a296 páginas ; _c20 cm. |
||
| 505 | _aCiudades del Perú -- La fundación de Lima -- Los primeros años de Huamanga (1539-1544) ... | ||
| 650 |
_aPerú. _935 |
||
| 650 |
_aCiudades. _92995 |
||
| 650 |
_aLiteratura. _983 |
||
| 942 |
_2ddc _cLIBROS |
||
| 945 |
_amvr _d2019-02-25 |
||